Premchand ki upanyas parampara aur Phanishwar Nath 'Renu' ke upanyas: (Record no. 155234)

000 -LEADER
fixed length control field 00313nam a22001097a 4500
082 ## - DEWEY DECIMAL CLASSIFICATION NUMBER
Classification number
Item number
100 ## - MAIN ENTRY--PERSONAL NAME
Personal name Mukesh Labana
245 ## - TITLE STATEMENT
Title Premchand ki upanyas parampara aur Phanishwar Nath 'Renu' ke upanyas:
Remainder of title ek adhyaye/
Statement of responsibility, etc. by Mukesh Labana.
260 ## - PUBLICATION, DISTRIBUTION, ETC.
Place of publication, distribution, etc. Kanpur:
Name of publisher, distributor, etc. Abhay Prakashan,
Date of publication, distribution, etc. 2010.
650 ## - SUBJECT ADDED ENTRY--TOPICAL TERM
Topical term or geographic name entry element
942 ## - ADDED ENTRY ELEMENTS (KOHA)
Koha item type Book
Holdings
Withdrawn status Lost status Damaged status Not for loan Permanent Location Current Location Shelving location Date acquired Cost, normal purchase price Total Checkouts Barcode Date last seen Price effective from Koha item type
        RC Thiruvananthapuram RC Thiruvananthapuram   23.07.2018 225.00   TV011680 23.07.2018 23.07.2018 Book